| 000 | 01424nam0a22003251 4500 | ||
|---|---|---|---|
| 001 | v19\rc\1334474 | ||
| 005 | 20250618070629.0 | ||
| 035 | _a(NLR Aleph) 004484570 | ||
| 090 |
_a4621109 _c4621109 |
||
| 100 | _a20060512d1852 |||y0rusy50 ca | ||
| 101 | 1 |
_arus _cfre |
|
| 102 | _aRU | ||
| 105 | _aa z ||||| | ||
| 200 | 1 |
_aНачальные основания химии _f[Соч.] В. Реньо, чл. Акад. наук и проф. Политехн. шк. в Париже, чл.-кор. академий наук: С.-Петерб., Берлин., Мадрит. и пр. _gПер. [и предисл.] П. Егорова |
|
| 210 |
_aСанкт-Петербург _cтип. Э. Веймара _d1852 |
||
| 215 |
_a[6], 392 с., 8 л. ил. _d24 |
||
| 300 | _aСо 2-го изд. загл.: Начальные основания химии, составленные по Реньо П. Егоровым | ||
| 517 | 0 | _aНачальные основания химии, составленные по Реньо П. Егоровым | |
| 700 | 1 |
_aРеньо _bА.В. _f1810-1878 _gАнри Виктор |
|
| 702 | 1 |
_aЕгоров _bП. _4730 _4080 |
|
| 801 | 0 |
_aRU _bNLR _gpsbo |
|
| 801 | 0 |
_aRU _bRuMoRGB _2psbo |
|
| 801 | 1 |
_aRU _bProSoft-M _2rusmarc |
|
| 852 |
_aNLR _j18.4.4.23 |
||
| 899 |
_aRuMoRGB _jF 114/43 |
||
| 899 |
_aRuMoRGB _jJ 93/162 |
||
| 899 | _aБАН | ||
| 899 | _aНБ СПбГУ | ||
| 942 | _cBOOK | ||
| 980 | _aNB | ||